Anatomía de la cabeza con enfoque odontoestomalógico (Registro nro. 744)

Detalles MARC
000 -Cabecera
Campo de control de longitud fija 01078aam a2200397 4500
005 - Fecha y hora de la última transacción
Campo de control 20251105193515.0
008 - Elementos de longitud fija--Información general
Campo de control de longitud fija 150902b2001 xxu||||| |||| 00| 0 spa d
020 ## - International Standard Book Number
Número Internacional Estándar del Libro (ISBN) 8479036524
041 ## - Idioma
Código de idioma Español
082 ## - Clasificación Decimal Dewey
Número de clasificación 611.91 V434a3
100 ## - Entrada principal--Autor personal
Nombre personal Velayos, José Luis
9 (RLIN) 2958
245 ## - Título propiamente dicho
Título Anatomía de la cabeza con enfoque odontoestomalógico
250 ## - Edición
Mención de edición 3 edición
260 ## - Pie de imprenta
Lugar de publicación, distribución, etc. España
260 ## - Pie de imprenta
Nombre del editor, distribuidor, etc. Panamericana
260 ## - Pie de imprenta
Fecha de publicación, distribución, etc. 2001
300 ## - Descripción física
Extensión 408 páginas
300 ## - Descripción física
Otras características físicas Ilustraciones a color
490 ## - Serie
Título de la Serie Mecánica Dental
650 ## - Materia general
Temática (materia general) ANATOMÍA DE LA CABEZA
650 ## - Materia general
Temática (materia general) CRÁNEO ÓSEO
650 ## - Materia general
Temática (materia general) ARTICULACIÓN TEMPOROMANDIBULAR
650 ## - Materia general
Temática (materia general) SISTEMA NEUROMUSCULAR
650 ## - Materia general
Temática (materia general) LARINGE
650 ## - Materia general
Temática (materia general) GLÁNDULAS SALIVARES
650 ## - Materia general
Temática (materia general) DERIVADOS BRANQUIO GENOS
650 ## - Materia general
Temática (materia general) NERVIOS SENSITIVOS
650 ## - Materia general
Temática (materia general) PAQUETE VASCULONERVIOSO DEL CUELLO
650 ## - Materia general
Temática (materia general) SISTEMA NERVIOSO
650 ## - Materia general
Temática (materia general) MUCOSAS
650 ## - Materia general
Temática (materia general) ÓRGANOS DE LOS SENTIDOS
650 ## - Materia general
Temática (materia general) ANATOMÍA TOPOGRAFICA
650 ## - Materia general
Temática (materia general) CARA
650 ## - Materia general
Temática (materia general) CUELLO
942 ## - Punto de acceso adicional KOHA
Tipo de ítem KOHA Libro
Fuente del sistema de clasificación o colocación Dewey Decimal Classification
Existencias
Signatura completa Código de barras Programa Académico Tipo de ítem
611.91 V434a3 16836 Mecánica Dental Libro